| 000 | 00655nam a2200217 a 4500 | ||
|---|---|---|---|
| 003 | PILC | ||
| 005 | 20160317140734.0 | ||
| 008 | 120910s19uu xx 00 eng d | ||
| 020 | _a9788183569385 | ||
| 050 |
_aG 155 _b.C311 2011 |
||
| 100 | _aCarr, David. | ||
| 245 |
_aImplication for tourism planning and destination management / _cDavid Carr. |
||
| 250 | _a1st edition. | ||
| 260 |
_aNew Delhi, India : _bDiscovery Pub. House, _c2011. |
||
| 300 |
_a271 pages ; _c21 cm. |
||
| 500 | _aIncludes bibliographical references and index. | ||
| 650 |
_aTourism _xPlanning. |
||
| 650 |
_aTourism _xManagement. |
||
| 942 |
_cBK _2lcc _kFOR |
||
| 999 |
_c25509 _d25509 |
||